00390nam a2200133Ia 4500008004100000020001800041041001200059082002300071100001900094245007700113260003000190300001200220650002400232231221s9999 xx 000 0 und d a9790000000000 aEnglish a001.6423 KUM;1 R aKumar, Gaurav. 0aDesign and analysis of algorithms : for B.Tech, CS, IT, and MCA students c2009bKalayaniaLudhiyana a12.62+6 aB.Tech,,CS,,IT,,MCA